Statistics for First Pokémon by Type Combination: Fire

Click here to take the quiz!

General Stats

  • This quiz has been taken 105 times
    (7 since last reset)
  • The average score is 11 of 17

Answer Stats

Type combinationPokédex #PokémonRegion% Correct
Pure Fire0004CharmanderKanto
100%
Fire / Flying0006CharizardKanto
83%
Fire / Dark0228HoundourJohto
83%
Fire / Ground0322NumelHoenn
83%
Fire / Rock0058GrowlitheHisui
67%
Fire / Steel0485HeatranSinnoh
67%
Fire / Bug0636LarvestaUnova
67%
Fire / Normal0667LitleoKalos
67%
Fire / Ghost0105MarowakAlola
67%
Fire / Water0721VolcanionKalos
67%
Fire / Electric0479Heat RotomSinnoh
50%
Fire / Dragon0643ReshiramUnova
50%
Fire / Grass0952ScovillainPaldea
50%
Fire / Fighting0128TaurosPaldea
50%
Fire / Ice0555Darmanitan (Zen Mode)Galar
33%
Fire / Poison0757SalanditAlola
33%
Fire / Psychic0494VictiniUnova
33%

Score Distribution

Percentile by Number Answered

Percent of People with Each Score

Your Score History

You have not taken this quiz since the last reset